In the Bubble : Designing in a Complex World (Record no. 369796)
[ view plain ]
| 000 -LEADER | |
|---|---|
| fixed length control field | 00598nam a2200193 4500 |
| 005 - DATE AND TIME OF LATEST TRANSACTION | |
| control field | 20260116140158.0 |
| 008 - FIXED-LENGTH DATA ELEMENTS--GENERAL INFORMATION | |
| fixed length control field | 260109b |||||||| |||| 00| 0 eng d |
| 020 ## - INTERNATIONAL STANDARD BOOK NUMBER | |
| International Standard Book Number | 9780262701150 |
| 041 ## - LANGUAGE CODE | |
| Language code of text/sound track or separate title | English |
| 082 ## - DEWEY DECIMAL CLASSIFICATION NUMBER | |
| Classification number | 745.4 |
| Item number | THA |
| 100 ## - MAIN ENTRY--PERSONAL NAME | |
| Author | Thackara John |
| 245 ## - TITLE STATEMENT | |
| Title | In the Bubble : Designing in a Complex World |
| 260 ## - PUBLICATION, DISTRIBUTION, ETC. | |
| Place of publication, distribution, etc. | London |
| Name of publisher, distributor, etc. | The MIT Press |
| Date of publication, distribution, etc. | 2005 |
| 300 ## - PHYSICAL DESCRIPTION | |
| Extent | 321 |
| 365 ## - TRADE PRICE | |
| Price amount | 2389.27 |
| Currency code | Rs.00 |
| 520 ## - SUMMARY, ETC. | |
| Summary, etc. | 1. Lightness<br/>2. Speed<br/>3. Mobility<br/>4. Locality<br/>5. Situation<br/>6. Conviviality<br/>7. Learning<br/>8. Literacy<br/>9. Smartness<br/>10. Flow<br/><br/> |
| 650 ## - SUBJECT ADDED ENTRY--TOPICAL TERM | |
| Topical term or geographic name entry element | Design |
| 942 ## - ADDED ENTRY ELEMENTS (KOHA) | |
| Koha item type | Books |
| Withdrawn status | Lost status | Source of classification or shelving scheme | Damaged status | Not for loan | Home library | Current library | Date acquired | Vendor | Net Price | Bill number | Total Checkouts | Full call number | Barcode | Date last seen | Date last checked out | Discount | Actual Price | Bill Date | Koha item type |
|---|---|---|---|---|---|---|---|---|---|---|---|---|---|---|---|---|---|---|---|
| Dewey Decimal Classification | School of Fashion Technology | School of Fashion Technology | 03/01/2026 | Design Book Studio | 2389.27 | 291 | 1 | 745.4 THA | SOFT-BK-4811 | 03/02/2026 | 27/01/2026 | 25% | 3185.70 | 16/12/2025 | Books |